|
|
|
|
| LEADER |
00000nab a2200000 a 4500 |
| 001 |
vtls000141703 |
| 003 |
SK-MaSNL |
| 005 |
20260303194203.0 |
| 008 |
040806c1983 xo 0 slo |
| 015 |
|
|
|a SNBRB19rr/mm-uuuuu
|
| 035 |
|
|
|a CL0151809
|
| 040 |
|
|
|a SNKBUCL
|b slo
|c SNKBUCL
|e AACR2
|
| 041 |
0 |
|
|a slo
|
| 044 |
|
|
|a xo
|c SK
|
| 080 |
|
|
|a 792.2
|2 1981
|
| 100 |
1 |
|
|a Stanček, Ľubomír
|4 aut
|9 267870
|
| 245 |
1 |
0 |
|a Bratislavské Štúdio S uvádza - Koncert pre dvoch
|c Ľubomír Stanček
|
| 300 |
|
|
|b Obr. 1.
|
| 600 |
1 |
7 |
|a Arbuzov, Aleksej Nikolajevič,
|d 1908-1986
|t Staromódna komédia
|2 snkbucl
|9 1225905
|
| 610 |
2 |
7 |
|a Štúdio S
|2 snkbucl
|9 31994
|
| 650 |
0 |
7 |
|a činohry
|2 snkbucl
|9 3325
|
| 650 |
0 |
7 |
|a divadelné inscenácie
|2 snkbucl
|9 3326
|
| 655 |
|
7 |
|a recenzie
|2 snkbucl
|9 21907
|
| 655 |
|
7 |
|a články z novín a časopisov
|2 snkbucl
|9 267496
|
| 773 |
0 |
|
|t Smena
|g Roč. 36, č. 54 (5. 3. 1983), s. 6
|
| 850 |
|
|
|a Slovenská národná knižnica v Martine
|a MTA001
|
| 852 |
|
|
|a SNK
|b KIS3GCP
|
| 999 |
|
|
|c 2156313
|d 2158243
|